Cezhraničné licenčné poplatky
Cezhraničné licenčné poplatky - výklad pojmu. Zdaňovanie, daňoví rezidenti a daňoví nerezidenti. Príjmy z licenčných poplatkov plynúcich rezidentovi SR zo zdrojov v iných štátoch. Príjmy z licenčných poplatkov plynúcich nerezidentovi SR zo zdrojov v Slovenskej republike. Vplyv daňových zmlúv. Oslobo...
Salvato in:
| Autore principale: | |
|---|---|
| Natura: | Capitolo di libro |
| Lingua: | slovacco |
| Soggetti: | |
| Tags: |
Nessun Tag, puoi essere il primo ad aggiungerne!!
|
MARC
| LEADER | 00000naa$a2200000$$$4500 | ||
|---|---|---|---|
| 001 | 0075475 | ||
| 005 | 20231106073712.6 | ||
| 041 | 0 | |a slo | |
| 044 | |a SK | ||
| 245 | 1 | 0 | |a Cezhraničné licenčné poplatky |c Lucia Vanková |
| 520 | |a Cezhraničné licenčné poplatky - výklad pojmu. Zdaňovanie, daňoví rezidenti a daňoví nerezidenti. Príjmy z licenčných poplatkov plynúcich rezidentovi SR zo zdrojov v iných štátoch. Príjmy z licenčných poplatkov plynúcich nerezidentovi SR zo zdrojov v Slovenskej republike. Vplyv daňových zmlúv. Oslobodenie od dane. Sadzby licenčných poplatkov, ktoré stanovujú zmluvy. | ||
| 610 | 2 | 0 | |a poplatky |
| 610 | 2 | 0 | |a licencie |
| 610 | 2 | 0 | |a rezidenti |
| 610 | 2 | 0 | |a nerezidenti |
| 610 | 2 | 0 | |a príjmy |
| 610 | 2 | 0 | |a zdaňovanie |
| 610 | 2 | 0 | |a dane |
| 610 | 2 | 0 | |a oslobodenie od daní |
| 100 | 1 | |a Vanková, Lucia | |